Nízke Tatry Chopok (2025 m)

Bibliographic Details
Other Authors: Sitenský, Ladislav, 1919-2009 (Photographer)
Format: Postcard
Language:Slovak
PhysicalDescription:1 pohľadnica čiernobiela 11 x 15 cm
Published: Bratislava [Epocha] [s.a.]
Subjects:

MARC

LEADER 00000nkm a2200000 a 4500
001 vtls010810457
003 SK-MaSNL
005 20260512124525.0
007 kp bo
008 231214n xo g 00 kuslo
015 |a SNBG 
035 |a 39F0B722-2B3A-4142-9ED7-31CA5DDDA13E 
035 |a urn:nbn:sk:snk-kmy0bh 
035 |a urn:nbn:sk:snk-km007wxu 
040 |a SNK  |b slo  |c SNK  |e AACR2 
041 0 |a slo 
043 |a e-xo--- 
044 |a xo  |c SK 
080 |a 913(437.6-191.2)  |2 2001 
080 |a (084.121)  |2 2001 
100 1 |a Sitenský, Ladislav,  |d 1919-2009  |4 pht  |9 133652 
245 1 0 |a Nízke Tatry  |h grafika  |b Chopok (2025 m)  |c Foto Ladislav Sitenský 
260 |a Bratislava  |b [Epocha]  |c [s.a.] 
300 |a 1 pohľadnica  |b čiernobiela  |c 11 x 15 cm 
651 7 |a Nízke Tatry (Slovensko : pohorie)  |2 SNKPH  |9 173011 
651 7 |a Chopok (Nízke Tatry, Slovensko : vrch)  |2 SNKPH  |9 97751 
655 7 |a miestne pohľadnice  |2 SNKPH  |9 70510 
852 |a Slovenská národná knižnica 
958 |a GC 
958 |a GBN 
958 |a OND 
999 |c 928860  |d 930790 
952 |a SNK  |b SNK  |y PREZ  |7 0  |p 17A1078703  |o snkSP 1053  |0 0  |1 0  |4 0  |d 2015-08-07  |f 1  |l 0  |r 2026-02-24 08:40:57  |w 2026-02-24